Правила технической эксплуатации технологического оборудования предприятий асбестоцементной промышленности

Detalles Bibliográficos
Autor Corporativo: ВНИИпроектасбестцемент
Lenguaje:ruso
Publicado: Москва, Стройиздат, 1985
Materias:
Formato: Libro
KOHA link:https://koha.lib.tpu.ru/cgi-bin/koha/opac-detail.pl?biblionumber=287044

MARC

LEADER 00000nam0a2200000 4500
001 287044
005 20231101235942.0
020 |a RU  |b 85-67115 
035 |a (RuTPU)RU\TPU\book\311414 
090 |a 287044 
100 |a 20150312d1985 k y0rusy5003 ca 
101 0 |a rus 
102 |a RU 
105 |a a z 001zy 
200 1 |a Правила технической эксплуатации технологического оборудования предприятий асбестоцементной промышленности  |f ВНИИпроектасбестцемент 
210 |a Москва  |c Стройиздат  |d 1985 
215 |a 297 с.  |c ил. 
320 |a Библиогр.: с. 296 
606 |a Асбестоцементные заводы  |x Оборудование  |2 stltpush  |3 (RuTPU)RU\TPU\subj\35418  |9 57100 
610 1 |a оборудование 
610 1 |a техническая эксплуатация 
610 1 |a ПТЭ 
610 1 |a правила технической эксплуатации 
610 1 |a нормативные данные 
675 |a 666.961  |z rus  |v 3 
712 0 2 |a ВНИИпроектасбестцемент  |2 stltpush  |3 (RuTPU)RU\TPU\col\23317 
801 0 |a RU  |b RuMRKP  |c 19950704  |g psbo 
801 1 |a RU  |b 63413507  |c 20150312 
801 2 |a RU  |b 63413507  |c 20180124  |g RCR 
942 |c BK